OCTOPUS YANG PEMARAH

Bibliographic Details
Main Author: Era Ishak (Author)
Other Authors: Farhan Rahmat (Editor), Fatin Andy (Illustrator, author ,)
Format: Book
Language:Malay
Published: Bandar Baru Nilai, Negeri Sembilan : KOMIKAW Imprint di bawah BLINK BOOK SDN. BHD. 2024
Subjects:

MARC

LEADER 00000cam a2200000 7i4500
001 0000156784
005 20250829.0
008 250829s2024 my a x f may
020 |a 9789672865650 
040 |a PERPUSTAM   |b eng   |c PERPUSTAM   |e rda 
090 0 0 |a J 899.2333   |b ERA 
100 0 |a Era Ishak ,   |e author 
245 1 0 |a OCTOPUS YANG PEMARAH   |c Penulis / Pelukis ERA ISHAK / FATIN ANDY ; Reka Bentuk Kulit / Ilustrasi HANIMISM ; Editor FARHAN RAHMAT 
264 1 |a Bandar Baru Nilai, Negeri Sembilan :   |b KOMIKAW Imprint di bawah BLINK BOOK SDN. BHD.   |c 2024 
300 |a 16 pages :   |b colour illustrations ;   |c 25 cm. 
336 |a text  |2 rdacontent 
337 |a unmediated  |2 rdamedia 
338 |a volume  |2 rdacarrier 
650 0 0 |a Children's stories, Malay 
650 0 0 |a Didactic fiction 
650 0 0 |a Malay fiction 
700 0 |a Farhan Rahmat ,   |e editor 
700 0 |a Fatin Andy ,   |e author ,   |e illustrator 
999 |a 0000839405   |b Buku   |c Koleksi Pinjaman Kanak-Kanak   |e Perbadanan Perpustakaan Awam Melaka 
999 |a 0000839406   |b Buku   |c Koleksi Pinjaman Kanak-Kanak   |e Perbadanan Perpustakaan Awam Melaka 
999 |a 0000839407   |b Buku   |c Koleksi Pinjaman Kanak-Kanak   |e Perpustakaan Cawangan Jasin 
999 |a 0000839408   |b Buku   |c Koleksi Pinjaman Kanak-Kanak   |e Perpustakaan Cawangan Masjid Tanah 
999 |a 0000839409   |b Buku   |c Koleksi Pinjaman Kanak-Kanak   |e Perpustakaan Cawangan Merlimau 
999 |a 0000839410   |b Buku   |c Koleksi Pinjaman Kanak-Kanak   |e Perpustakaan Komuniti UTC Melaka 
999 |a 0000839411   |b Buku   |c Koleksi Pinjaman Kanak-Kanak   |e Perbadanan Perpustakaan Awam Melaka 
999 |a 0000839412   |b Buku   |c Koleksi Pinjaman Kanak-Kanak   |e Perbadanan Perpustakaan Awam Melaka 
999 |a 0000839413   |b Buku   |c Koleksi Pinjaman Kanak-Kanak   |e Perbadanan Perpustakaan Awam Melaka 
999 |a 0000839414   |b Buku   |c Koleksi Pinjaman Kanak-Kanak   |e Perbadanan Perpustakaan Awam Melaka